000 00705nam a2200229Ia 4500
003 IN-BaIIA
008 211028s9999 xx 000 0 eng d
020 _a90-277-2476-8
040 _cIIA Library
080 _a082.2:52
_bIAU-S124
100 _aHewitt, A.
_911976
245 0 _aObservational cosmology
_cA. Hewitt
260 _aDordrecht
_bD. Reidel Publishing
_c1987
300 _axxiii, 854p.
490 _aIAU Symposium; no. 124
650 _aAstronomy and Astrophysics thesaurus
650 _aCosmology
650 _aEarly universe
_911745
650 _aObservational cosmology
_98429
650 _aRelativistic cosmology
_96459
942 _cBK
999 _c9178
_d9178